LEADER 01469oam 2200445zu 450 001 9910376194703321 005 20210807002005.0 035 $a(CKB)3170000000001510 035 $a(SSID)ssj0000813729 035 $a(PQKBManifestationID)12328016 035 $a(PQKBTitleCode)TC0000813729 035 $a(PQKBWorkID)10786621 035 $a(PQKB)11025123 035 $a(Association for Computing Machinery)10.1145/190347 035 $a(EXLCZ)993170000000001510 100 $a20160829d1994 uy 101 0 $aeng 135 $aurnn|008mam|a 181 $ctxt 182 $cc 183 $acr 200 00$aISSAC '94: International Symposium on Symbolic and Algebraic Computation 210 31$a[Place of publication not identified]$cAssociation for Computing Machinery$d1994 215 $a1 online resource (359 p.;) 225 1 $aACM Conferences 300 $aBibliographic Level Mode of Issuance: Monograph 311 $a0-89791-638-7 410 0$aACM Conferences 517 3 $aISSAC '94 606 $aEngineering & Applied Sciences$2HILCC 606 $aComputer Science$2HILCC 615 7$aEngineering & Applied Sciences 615 7$aComputer Science 700 $aMacCallum$b Malcolm$049166 712 02$aAssociation for Computing Machinery-Digital Library. 801 0$bPQKB 906 $aBOOK 912 $a9910376194703321 996 $aISSAC '94: International Symposium on Symbolic and Algebraic Computation$92043138 997 $aUNINA LEADER 01093nam0 22002891i 450 001 UON00070859 005 20231205102350.352 010 $a09-466-2123-3 100 $a20020107d1991 |0itac50 ba 101 $aeng 102 $aGB 105 $a|||| ||||| 200 1 $aPrinciples of islamic jurisprudence$fMohammad Hashim Kamali 205 $aRevised edition 210 $aCambridge$cIslamic Texts Society$d1991 215 $axxi,417 p.$d25 cm 606 $aGIURISPRUDENZA ISLAMICA$3UONC019732$2FI 620 $dCambridge$3UONL000022 676 $a342.00917671$cGIURISPRUDENZA ISLAMICA$v21 700 1$aKamali$bMohammad Hashim$3UONV045587$0658206 790 0$aMOHAMMAD Hashim Kamali$zKamali, Mohammad Hashim$3UONV045588 801 $aIT$bSOL$c20250620$gRICA 899 $aSIBA - SISTEMA BIBLIOTECARIO DI ATENEO$2UONSI 912 $aUON00070859 950 $aSIBA - SISTEMA BIBLIOTECARIO DI ATENEO$dSI XV 071 $eSI AA 14697 5 071 996 $aPrinciples of islamic jurisprudence$91160072 997 $aUNIOR